[Event "SVK-ch U14"]
[Site "Tatralandia"]
[Date "2025.05.16"]
[Round "7"]
[White "Foldesi, Jan"]
[Black "Havir, Adam"]
[Result "1-0"]
[WhiteElo "1728"]
[BlackElo "1633"]
[PlyCount "89"]
[EventDate "2025.05.11"]
[EventType "swiss"]
[EventRounds "9"]
[EventCountry "SVK"]
[SourceTitle "CB21_2025"]
[SourceDate "2025.05.21"]
[SourceVersion "1"]
[SourceVersionDate "2025.05.21"]
[SourceQuality "1"]

1. c4 c6 2. Nf3 d5 3. e3 e6 4. b3 Nf6 5. Bb2 Nbd7 6. Nc3 Be7 7. Be2 0-0 8. d4 b6 9. 0-0 Bb7 10. Rc1 Rc8 11. Re1 a6 12. a3 Qc7 13. h3 Bd6 14. Bd3 c5 15. Qe2 Ne4 16. cxd5 Nxc3 17. Rxc3 exd5 18. Bxa6 Bxa6 19. Qxa6 Ra8 20. Qd3 Qb7 21. Rd1 Nf6 22. Rcc1 Rfc8 23. dxc5 bxc5 24. Bxf6 gxf6 25. Qxd5 Qxd5 26. Rxd5 Bf8 27. a4 Rcb8 28. Nd2 Kg7 29. Rd3 Rb7 30. Ne4 Rab8 31. Nxc5 Bxc5 32. Rxc5 Rxb3 33. Rxb3 Rxb3 34. Rc8 Ra3 35. Ra8 f5 36. a5 Kf6 37. a6 h5 38. a7 Ra4 39. g3 Ra3 40. Rh8 Rxa7 41. Rxh5 Ra4 42. Kg2 Kg6 43. Rh4 Ra3 44. g4 Kg5 45. Rh5+ 1-0

[Event "SVK-ch U14"]
[Site "Tatralandia"]
[Date "2025.05.13"]
[Round "3"]
[White "Foldesi, Jan"]
[Black "Kulich, Filip"]
[Result "0-1"]
[WhiteElo "1728"]
[BlackElo "2089"]
[PlyCount "56"]
[EventDate "2025.05.11"]
[EventType "swiss"]
[EventRounds "9"]
[EventCountry "SVK"]
[SourceTitle "CB21_2025"]
[SourceDate "2025.05.21"]
[SourceVersion "1"]
[SourceVersionDate "2025.05.21"]
[SourceQuality "1"]

1. c4 e5 2. Nc3 Nf6 3. g3 d5 4. cxd5 Nxd5 5. Bg2 Nb6 6. Nf3 Nc6 7. 0-0 Be7 8. d3 0-0 9. a3 Be6 10. b4 a5 11. b5 Nd4 12. Nxd4 exd4 13. Ne4 a4 14. Rb1 Qd7 15. Bb2 Ra5 16. Nd2 Rxb5 17. Bxb7 Ba2 18. Ba6 Rh5 19. Rc1 Qh3 20. Nf3 Bd5 21. Re1 Bg5 22. e3 dxe3 23. fxe3 Bxf3 24. Qxf3 Qxh2+ 25. Kf1 Qxb2 26. Qxh5 Bxe3 27. Qf3 Bxc1 28. Re2 Qf6 0-1

[Event "SVK-ch U2300"]
[Site "Liptovsky Jan"]
[Date "2024.06.17"]
[Round "5"]
[White "Foldesi, Jan"]
[Black "Hornacek, Tomas"]
[Result "1-0"]
[WhiteElo "1556"]
[BlackElo "1500"]
[PlyCount "68"]
[EventDate "2024.06.15"]
[EventType "swiss"]
[EventRounds "8"]
[EventCountry "SVK"]
[SourceTitle "CBM 220 Extra"]
[Source "ChessBase"]
[SourceDate "2024.07.31"]
[SourceVersion "1"]
[SourceVersionDate "2024.07.31"]
[SourceQuality "1"]

1. c4 e5 2. Nc3 Nf6 3. g3 d5 4. cxd5 Nxd5 5. Bg2 Nb6 6. d3 Nc6 7. Nf3 Be7 8. 0-0 0-0 9. Bd2 a6 10. a3 Be6 11. b4 Qd7 12. Na4 h6 13. Nxb6 cxb6 14. Be3 b5 15. Bd2 f5 16. Rc1 Bf6 17. Bc3 Rac8 18. Nd2 f4 19. Ne4 Qc7 20. Nxf6+ Rxf6 21. Bxc6 bxc6 22. Bb2 h5 23. Rc5 Bd5 24. e4 fxe3 25. fxe3 h4 26. Rxf6 gxf6 27. Qg4+ Kf7 28. Qxh4 Qd8 29. d4 exd4 30. Bxd4 Qe7 31. Qh7+ Ke8 32. Qxe7+ Kxe7 33. Kf2 Rh8 34. Kg1 f5 1-0

[Event "SVK-ch U2300"]
[Site "Liptovsky Jan"]
[Date "2024.06.15"]
[Round "1"]
[White "Koska, Jiri"]
[Black "Foldesi, Jan"]
[Result "1-0"]
[WhiteElo "1913"]
[BlackElo "1556"]
[PlyCount "65"]
[EventDate "2024.06.15"]
[EventType "swiss"]
[EventRounds "8"]
[EventCountry "SVK"]
[SourceTitle "CBM 220 Extra"]
[Source "ChessBase"]
[SourceDate "2024.07.31"]
[SourceVersion "1"]
[SourceVersionDate "2024.07.31"]
[SourceQuality "1"]

1. Nf3 d5 2. g3 Nf6 3. Bg2 c5 4. c4 d4 5. b4 e6 6. bxc5 Bxc5 7. 0-0 Nc6 8. d3 0-0 9. Ba3 Bxa3 10. Nxa3 a6 11. Qa4 Bd7 12. Nc2 e5 13. Rab1 Rb8 14. Nb4 Re8 15. Nd2 Nxb4 16. Qxb4 Bc6 17. a4 Bxg2 18. Kxg2 Qe7 19. Qxe7 Rxe7 20. Rb4 g6 21. Rfb1 Kg7 22. Rb6 a5 23. R1b5 e4 24. h3 exd3 25. exd3 Re2 26. Nf3 Ra8 27. Rxb7 Ra2 28. Ne5 Kg8 29. Rxf7 Ne8 30. Rbb7 Rxa4 31. Rxh7 Rb4 32. Rbe7 a4 33. Nxg6 1-0

[Event "SVK-ch U12"]
[Site "Tatralandia"]
[Date "2024.04.10"]
[Round "7"]
[White "Macejko, Alexander"]
[Black "Foldesi, Jan"]
[Result "0-1"]
[WhiteElo "1000"]
[BlackElo "1544"]
[PlyCount "104"]
[EventDate "2024.04.05"]
[EventType "swiss"]
[EventRounds "9"]
[EventCountry "SVK"]
[SourceTitle "CBM 219 Extra"]
[Source "ChessBase"]
[SourceDate "2024.05.31"]
[SourceVersion "1"]
[SourceVersionDate "2024.05.31"]
[SourceQuality "1"]

1. e4 c5 2. Nf3 Nc6 3. Nc3 d6 4. h3 Nf6 5. Be2 g6 6. 0-0 Bg7 7. d3 0-0 8. Be3 Bd7 9. Qd2 Re8 10. Bh6 Bh8 11. a3 Rb8 12. d4 cxd4 13. Nxd4 Nxe4 14. Nxe4 Nxd4 15. Bh5 Bf5 16. Bf3 Bxh3 17. Ng5 Nxf3+ 18. Nxf3 Bf5 19. c3 Bg7 20. Bxg7 Kxg7 21. Qd4+ f6 22. Qxa7 Be4 23. Ng5 Bf5 24. Nf3 Qc7 25. Qe3 Qc5 26. Qd2 Be4 27. b4 Qc6 28. Qe3 Bxf3 29. gxf3 Qd5 30. Rfd1 Qg5+ 31. Kf1 Qxe3 32. fxe3 Rbc8 33. Rac1 Rc4 34. a4 Rec8 35. Rd3 Rxb4 36. cxb4 Rxc1+ 37. Kg2 Rc4 38. Rd4 Rc2+ 39. Kg3 h5 40. f4 Rc3 41. Kf3 f5 42. a5 h4 43. Rd1 Rb3 44. Rh1 Rxb4 45. Rxh4 Ra4 46. Rh1 Rxa5 47. Rb1 b5 48. Rb4 e5 49. fxe5 dxe5 50. e4 fxe4+ 51. Kxe4 Ra4 52. Rxa4 bxa4 0-1

[Event "SVK-ch U12"]
[Site "Tatralandia"]
[Date "2024.04.08"]
[Round "5"]
[White "Foldesi, Jan"]
[Black "Bittner, Samuel"]
[Result "1/2-1/2"]
[WhiteElo "1544"]
[BlackElo "1612"]
[PlyCount "33"]
[EventDate "2024.04.05"]
[EventType "swiss"]
[EventRounds "9"]
[EventCountry "SVK"]
[SourceTitle "CBM 219 Extra"]
[Source "ChessBase"]
[SourceDate "2024.05.31"]
[SourceVersion "1"]
[SourceVersionDate "2024.05.31"]
[SourceQuality "1"]

1. c4 c5 2. Nc3 Nf6 3. Nf3 Nc6 4. g3 d5 5. cxd5 Nxd5 6. Bg2 Nc7 7. 0-0 e5 8. d3 Be7 9. Bd2 0-0 10. Ne1 Bd7 11. f4 f6 12. fxe5 fxe5 13. Nf3 Ne6 14. Qb3 Kh8 15. Qd5 Bf6 16. Ne4 Qc7 17. Kh1 1/2-1/2

[Event "SVK-ch U12"]
[Site "Tatralandia"]
[Date "2024.04.05"]
[Round "1"]
[White "Priscak, Richard"]
[Black "Foldesi, Jan"]
[Result "1/2-1/2"]
[WhiteElo "1000"]
[BlackElo "1544"]
[PlyCount "35"]
[EventDate "2024.04.05"]
[EventType "swiss"]
[EventRounds "9"]
[EventCountry "SVK"]
[SourceTitle "CBM 219 Extra"]
[Source "ChessBase"]
[SourceDate "2024.05.31"]
[SourceVersion "1"]
[SourceVersionDate "2024.05.31"]
[SourceQuality "1"]

1. e4 c5 2. Nf3 Nc6 3. Bc4 d6 4. Nc3 Nf6 5. 0-0 g6 6. d3 Bg7 7. h3 0-0 8. Re1 Na5 9. Bb3 Nxb3 10. axb3 Ne8 11. Nd5 Nc7 12. Ne3 Bd7 13. d4 cxd4 14. Nxd4 Nb5 15. Nxb5 Bxb5 16. Ng4 h5 17. Nh2 a6 18. Nf3 1/2-1/2